| 000 | 01441namaa22003131i 4500 | ||
|---|---|---|---|
| 005 | 20260302101244.0 | ||
| 008 | 260302s1994 ua a|||frm||| 000 0 eng d | ||
| 040 |
_aEG-GICUC _beng _cEG-GICUC _dEG-GICUC _erda |
||
| 041 | 0 |
_aeng _beng _bara |
|
| 049 | _aDeposit | ||
| 097 | _aPh.D | ||
| 099 | _aCai01.13.02.Ph.D.1994.Na.L | ||
| 100 | 0 |
_aNabil Ashry Ibrahim Abd El-Fatah Nahas, _epreparation. |
|
| 245 | 1 | 0 |
_aLand use-Traffic Interaction Aproposed Model For Land Use Planning in the city center / _cBy Nabil Ashry Ibrahim Abd El-Fatah Nahas ; Supervised Ass. Prof. Dr. Khaled G. Abd El-Nasser, Prof. Dr. Mahmoud Yosry Hassan |
| 246 | 1 | 5 | _aالعلاقات التبادلة بين استعمالات الاراضي والمرور نموذج ومقترح لتخطيط الاستعمالات بوسط المدينة |
| 264 | 0 | _c1994. | |
| 300 |
_a260 Leaves _billustrations _c30 cm. + |
||
| 336 |
_2rda content _atext |
||
| 337 |
_2rdamedia _aUnmediated |
||
| 338 |
_2rdacarrier _avolume |
||
| 502 | _aThesis (Ph.D)-Cairo University, 1994. | ||
| 504 | _aBibliography: pages 203-260 | ||
| 653 | 0 | _aLand use-Traffic Interaction Aproposed | |
| 700 | 0 |
_aKhaled G. Abd El-Nasser _ethesis advisor. |
|
| 700 | 0 |
_aMahmoud Yosry Hassan _ethesis advisor. |
|
| 900 |
_DDepartment of Architecture _FFaculty of Engineering _UCairo University _b1994 _cKhaled G. Abd El-Nasser _cMahmoud Yosry Hassan |
||
| 905 | _aNehad | ||
| 942 |
_2ddc _cTH _e21 _n0 |
||
| 999 | _c178784 | ||